History of Indian Education System/ (Record no. 156299)

MARC details
000 -LEADER
fixed length control field 00596nam a22002057a 4500
003 - CONTROL NUMBER IDENTIFIER
control field dpl
005 - DATE AND TIME OF LATEST TRANSACTION
control field 20180824171133.0
008 - FIXED-LENGTH DATA ELEMENTS--GENERAL INFORMATION
fixed length control field 180824b xxu||||| |||| 00| 0 eng d
020 ## - INTERNATIONAL STANDARD BOOK NUMBER
International Standard Book Number -
Terms of availability 0.00
035 ## - SYSTEM CONTROL NUMBER
System control number B-158682
040 ## - CATALOGING SOURCE
Original cataloging agency dpl
Language of cataloging EN
Transcribing agency 0
082 ## - DEWEY DECIMAL CLASSIFICATION NUMBER
Classification number 370.9
100 ## - MAIN ENTRY--PERSONAL NAME
Personal name Yogesh kumar Singh
245 ## - TITLE STATEMENT
Title History of Indian Education System/
Statement of responsibility, etc by Yogesh Kumar Singh, Ed. by Ruchika Nath
260 ## - PUBLICATION, DISTRIBUTION, ETC. (IMPRINT)
Place of publication, distribution, etc New Delhi
Name of publisher, distributor, etc APH Publishing corporation
Date of publication, distribution, etc 2005
300 ## - PHYSICAL DESCRIPTION
Extent 279p;
Dimensions 22cm.(hbk)
500 ## - GENERAL NOTE
General note incluedes index
700 ## - ADDED ENTRY--PERSONAL NAME
Personal name Ruchika Nath
942 ## - ADDED ENTRY ELEMENTS (KOHA)
Source of classification or shelving scheme Dewey Decimal Classification
Koha item type English Books
Classification part 370.9
Call number suffix YOG
Holdings
Withdrawn status Lost status Source of classification or shelving scheme Damaged status Not for loan Collection code Home library Current library Date acquired Source of acquisition Cost, normal purchase price Total Checkouts Full call number Barcode Date last seen Cost, replacement price Price effective from Koha item type
    Dewey Decimal Classification     Non-fiction Patel Nagar Patel Nagar 24/08/2018 BPPD/Pub 0.00   370.9 YOG B-158682 24/08/2018 0.00 24/08/2018 English Books

© Delhi Public Library
Hit Counter
free hit counter